Music Quiz

Random Music or Song Quiz

Vocaloid Songs (mashup video) Quiz Stats

 Plays Quiz not verified by Sporcle

Score 0/25 Timer 16:00
0 Plays Today
Time Answer % Correct
0:27 - 0:56Sweet Devil
70.6%
2:46 - 3:08WAVE
65.5%
1:50 - 2:17A Tale of Six Trillion Years and a Night
59.3%
7:06 - 7:26Donut Hole
59.3%
0:00 - 0:27Life Reset Button
52%
7:26 - 7:57Children Record
48.6%
5:32 - 5:57Coward Montblanc
40.1%
6.46 - 7:06Daze
40.1%
9:14 - 9:42ERROR
37.9%
10:12 - 10:52Yobanashi Deceive
36.2%
8:49 - 9:14Headphone Actor
33.3%
3:24 - 3:53Kimagure Mercy
30.5%
2:17 - 2:46Persecution Complex Cellphone Girl
29.4%
Time Answer % Correct
3:08 - 3:24Tokio Funka
28.2%
9:42 - 10:12Hirari, Hirari
26%
8:26 - 8:49Galaxias
18.1%
0:56 - 1:27Sun Quan the Emperor
16.4%
5:57 - 6:27Close to You
14.7%
1:27 - 1:50ARROW
14.1%
4:07 - 4:33Love Hero
13.6%
3:53 - 4:07Nine-Nine Eighty-One
11.3%
7:57 - 8:26Baby Maniacs
10.2%
5:02 - 5:32Straggling
2.3%
4:33 - 5:02China Shoujin Girl
1.1%
6:27 - 6:46Doomsday Dance
0.6%

You're not logged in!

Compare scores with friends on all Sporcle quizzes.
OR
Log In

Show Comments

Extras

Created Sep 8, 2016ReportNominate
Tags:Artist Quiz, Song Quiz, vocaloid

Top Quizzes Today


Score Distribution

Your Account Isn't Verified!

In order to create a playlist on Sporcle, you need to verify the email address you used during registration. Go to your Sporcle Settings to finish the process.

Report this User

Report this user for behavior that violates our Community Guidelines.

Details: